Slugterra Quiz - Statistics

General Stats
  • This quiz has been taken 206 times
  • The average score is 24 of 60
Answer Stats
Hint Answer % Correct
Water AquaBeek
66%
Electricity Tazerling
66%
Fire Infurnus
64%
Main Earth Elemental
61%
Earth Rammstone
61%
Main Air Elemental
59%
Ice Frostcrawler
58%
Main Fire Elemental
57%
Fire Flaringo
57%
Main Water Elemental
57%
Light/Psychic Enigmo
52%
Unclassified Flopper
51%
Fire Hop Rock
51%
Earth Arachnet
49%
Fire Grenuke
48%
Metal Armashelt
46%
Main Energy Elemental
46%
Light Fandango
45%
Air Tormato
44%
Plant Vinedrill
44%
Toxic Flatulorhinkus
43%
Plant Neotox
43%
Metal Thresher
43%
Air Hoverbug
42%
Electricity Xmitter
41%
FIre Blastipede
40%
Psychic Hypnogrif
40%
Metal Slicksilver
40%
Metal Speedstinger
40%
Water Bubbaleone
39%
Plant Dirt Urchin
39%
Light/Psychic Frightgeist
38%
Psychic Negashade
38%
Light Phosphoro
37%
Air Slyren
37%
Psychic Thugglet
37%
Earth Crystalyd
36%
Water Jellyish
36%
Fire Forgesmelter
35%
Earth Sand Angler
35%
Earth Diggrix
34%
Air Gazzer
34%
Water MakoBreaker
34%
Metal Polero
34%
Earth Geoshard
32%
Earth Lavalynx
32%
Psychic Hexlet
30%
Water Lariat
30%
Light Midas
29%
Fire Firenzar
25%
Ice Narwhaddle
24%
Water Tenasher
22%
Light Glowbyss
19%
Water Spikeshade
19%
Unclassified The Universal Slug
19%
Toxic Toxis
19%
Light Boon Doc (Green)
16%
Light Boon Doc (White)
16%
Unclassified Dustpuff
15%
Air Pieper Slugs
10%
No matching quizzes found
Score Distribution
Percent of People with Each Score
Percentile by Number Answered
Your Score History
You have not taken this quiz